| 000 | 00601cam a22002051 4500 | ||
|---|---|---|---|
| 001 | sa 68014314 | ||
| 003 | DLC | ||
| 005 | 20260227112630.0 | ||
| 008 | 760813s1966 bg b s 000 0 eng | ||
| 010 | _asa 68014314 | ||
| 040 |
_aDLC _cDLC _dDLC |
||
| 050 | 0 | 0 |
_aHD2346.P32 _bE36 |
| 082 | 0 | 0 | _a338.6/3/095492 |
| 110 | 2 |
_aEast Pakistan Small Industries Corporation. _bStatistics Department. |
|
| 245 | 1 | 0 | _aSurvey of cottage industries in East Pakistan. |
| 260 |
_aDacca _c[1966] |
||
| 300 |
_a195 p. _bmap. _c27 cm. |
||
| 500 | _aCover title. | ||
| 650 | 0 |
_aCottage industries _zPakistan _xStatistics. |
|
| 999 |
_c85688 _d85688 |
||